Les etats balkaniques : etude comparee politique, sociale, economique et financiere
Αποθηκεύτηκε σε:
| Κύριος συγγραφέας: | |
|---|---|
| Μορφή: | Βιβλίο |
| Γλώσσα: | French |
| Δημοσίευση: |
Paris :
Rousseau,
1930.
|
| Θέματα: | |
| Ετικέτες: |
Προσθήκη ετικέτας
Δεν υπάρχουν, Καταχωρήστε ετικέτα πρώτοι!
|
MARC
| LEADER | 00000cam a2200000 i 4500 | ||
|---|---|---|---|
| 001 | 1/106031 | ||
| 008 | 950627s1930 fr | ||| |||| ||fre|| | ||
| 035 | |l 10013895 | ||
| 040 | |a GR-MyUa |b gre |e AACR2 | ||
| 041 | 0 | |a fre | |
| 082 | 7 | |a 949.6 |2 (22) | |
| 100 | 1 | |a Ευελπίδης, Χρυσός, |d 1895-1971. | |
| 245 | 1 | 4 | |a Les etats balkaniques : |b etude comparee politique, sociale, economique et financiere / |c C. Evelpidi. |
| 260 | |a Paris : |b Rousseau, |c 1930. | ||
| 300 | |a 399 σ. : |b πίνακες ; |c 26 εκ. | ||
| 500 | |a Βιβλιογραφία: σ. 393-396. | ||
| 651 | 0 | |a Balkan Peninsula |x Economic conditions. | |
| 651 | 0 | |a Balkan Peninsula |x History. | |
| 852 | |a INST |b LESVOS |e 19950627 |h 949.6 ΕΥΕ |p 005100008383 |q 005100008383 |t BK |y 0 | ||
| 970 | |z 2000/05/ΟΙΚΟΝΟΜΟΠΟΥΛΟΥ ΧΡΙΣΤΙΝΑ | ||